000 00296nam a2200121Ia 4500
008 190216s9999||||xx |||||||||||||| ||und||
100 _aRabindranath Tagore
245 0 _aLover`S Gift And Crossing
260 _bMac Millian And Com. Ltd
_c1965
300 _a117p
650 _aPoetry
942 _cBK
999 _c11554
_d11554